000 01204 a2200373 4500
999 _c2108
_d2108
020 _a9781446282915 (cloth)
020 _a1446282910 (cloth)
020 _a9781446282922 (Paper)
020 _a1446282929 (Paper)
020 _a9781446282922
050 0 0 _aHF5381 INK 2015
100 1 _aInkson, Kerr,
_eauthor.
245 1 0 _aUnderstanding careers /
_cKerr Inkson, Nicky Dries, John Arnold.
250 _aSecond edition.
264 1 _aLos Angeles :
_bSAGE,
_c2015.
300 _axxiii, 406 pages ;
500 _aIncludes index
504 _aIncludes bibliographical references (pages 354-391)
650 0 _aCareer development.
650 0 _aVocational guidance.
650 0 _aOccupations.
650 0 _aProfessions.
650 0 _aQuality of work life.
650 7 _aCareer development.
650 7 _aOccupations.
650 7 _aProfessions.
650 7 _aQuality of work life.
650 7 _aVocational guidance.
700 1 _aDries, Nicky,
_eauthor.
700 1 _aArnold, John,
_d1958-
_eauthor.
942 _2lcc
_cBK
_e2nd ed.
_h5381
_iINK
_kHF